日能研の校舎 - Statistics

General Stats
  • This quiz has been taken 90 times
  • The average score is 50 of 156
Answer Stats
ヒント Answer % Correct
神奈川県 横浜校
80%
東京都 池袋校
78%
埼玉県 大宮校
78%
千葉県 千葉校
78%
東京都 渋谷校
72%
東京都 八王子校
68%
神奈川県 藤沢校
68%
千葉県 松戸校
67%
神奈川県 川崎校
66%
千葉県 柏校
64%
埼玉県 川口校
64%
東京都 吉祥寺校
64%
東京都 町田校
64%
神奈川県 武蔵小杉校
63%
東京都 赤羽校
62%
埼玉県 川越校
59%
東京都 立川校
59%
神奈川県 大船校
58%
東京都 品川校
58%
東京都 調布校
58%
埼玉県 所沢校
58%
東京都 目黒校
57%
東京都 国分寺校
55%
東京都 自由が丘校
55%
東京都 蒲田校
54%
東京都 大井町校
51%
千葉県 西船橋校
51%
東京都 府中校
50%
神奈川県 戸塚校
49%
埼玉県 南浦和校
49%
岐阜県 岐阜校
49%
宮崎県 宮崎校
49%
神奈川県 海老名校
47%
岡山県 岡山校
47%
香川県 高松校
47%
東京都 錦糸町校
46%
千葉県 津田沼校
46%
東京都 練馬校
46%
東京都 荻窪校
45%
神奈川県 茅ヶ崎校
45%
熊本県 熊本校
45%
高知県 高知校
45%
長崎県 長崎校
45%
愛媛県 松山校
45%
東京都 高田馬場校
43%
鹿児島県 鹿児島校
43%
千葉県 浦安校
42%
神奈川県 鶴見校
42%
東京都 西日暮里校
42%
東京都 二子玉川校
42%
神奈川県 たまプラーザ校
41%
大分県 大分校
41%
徳島県 徳島校
41%
千葉県 海浜幕張校
39%
神奈川県 菊名校
39%
東京都 中目黒校
39%
愛知県 金山校
39%
愛知県 豊田校
39%
大阪府 天王寺校
39%
神奈川県 青葉台校
38%
神奈川県 上大岡校
38%
東京都 豊洲校
38%
神奈川県 相模原校
37%
神奈川県 新百合ヶ丘校
37%
東京都 巣鴨校
37%
神奈川県 中央林間校
37%
千葉県 本八幡校
37%
愛知県 岡崎校
37%
兵庫県 姫路校
37%
東京都 田無校
36%
東京都 明大前校
36%
福岡県 小倉校
36%
大阪府 高槻校
34%
茨城県 取手校
33%
愛知県 一宮校
33%
埼玉県 上尾校
32%
東京都 成増校
32%
神奈川県 二俣川校
32%
東京都 成城学園前校
30%
埼玉県 草加校
30%
兵庫県 明石校
30%
兵庫県 芦屋校
30%
大阪府 茨木校
30%
東京都 千住校
29%
神奈川県 センター北校
29%
神奈川県 金沢文庫校
28%
埼玉県 志木校
28%
埼玉県 新越谷校
28%
兵庫県 西宮北口校
28%
東京都 多摩センター校
26%
神奈川県 横須賀中央校
26%
北海道 日能研札幌
25%
東京都 経堂校
25%
神奈川県 センター南校
25%
神奈川県 中山校
25%
千葉県 新浦安校
24%
愛知県 刈谷校
24%
兵庫県 宝塚校
24%
埼玉県 久喜校
22%
愛知県 千種校
22%
兵庫県 元町校
22%
福岡県 久留米校
22%
東京都 お茶の水校
21%
東京都 上石神井校
21%
大阪府 豊中校
21%
東京都 三田校
20%
愛知県 名駅校
20%
兵庫県 加古川校
20%
東京都 ひばりが丘校
18%
神奈川県 港南台校
17%
東京都 旗の台校
17%
大阪府 上本町校
17%
大阪府 千里中央校
17%
東京都 浅草橋校
16%
神奈川県 新川崎校
16%
京都府 烏丸校
16%
大阪府 堺東校
16%
福岡県 西新校
16%
東京都 青戸校
14%
愛知県 藤が丘校
14%
兵庫県 川西校
14%
奈良県 学園前校
14%
兵庫県 甲子園校
14%
神奈川県 戸塚校東戸塚教室
13%
兵庫県 岡本校
13%
神奈川県 日能研小田原
12%
神奈川県 宮前平校
12%
東京都 勝どき校
11%
東京都 駒沢大学校
11%
京都府 桂校
11%
兵庫県 塚口校
11%
東京都 竹ノ塚校
9%
愛知県 新瑞校
9%
愛知県 勝川校
9%
愛知県 御器所校
9%
愛知県 東山校
9%
埼玉県 東川口校
8%
埼玉県 三郷中央校
8%
東京都 新中野校
7%
東京都 深川校
7%
神奈川県 藤沢校湘南台教室
7%
広島県 広島本部校
7%
沖縄県 豊見城校
7%
千葉県 おおたかの森校
5%
愛知県 本山校
5%
大阪府 枚方駅前校
5%
沖縄県 沖縄本部校
5%
愛知県 一社校
4%
愛知県 浄心校
4%
福岡県 九州本部校
4%
愛知県 植田校
3%
愛知県 江南校
3%
兵庫県 学園都市校
3%
大阪府 南森町校
3%
福岡県 千早校
3%
沖縄県 中部校
1%
No matching quizzes found
Score Distribution
Percent of People with Each Score
Percentile by Number Answered
Your Score History
You have not taken this quiz